Identifiez les skippers du Vendee Globe 2024 - Statistiques

Statistiques générales
  • Ce quiz a été pris 44 fois
  • Le résultat moyen est 24 sur 40
Statistiques - réponses
Par images Réponse % Correct
Charlie Dalin
93%
Violette Dorange
93%
Jean Le Cam
86%
Clarisse Crémer
82%
Samantha Davies
79%
Sébastien Simon
79%
Yoann Richomme
79%
Maxime Sorel
75%
Pip Hare
75%
Tanguy Le Turquais
75%
Yannick Bestaven
75%
Jérémie Beyou
71%
Alan Roura
68%
Louis Burton
68%
Thomas Ruyant
68%
Arnaud Boissières
64%
Damien Seguin
61%
Isabelle Joschke
61%
Justine Mettraux
61%
Romain Attanasio
61%
Sam Goodchild
61%
Benjamin Dutreux
57%
Benjamin Ferré
57%
Nicolas Lunven
57%
Antoine Cornic
54%
Guirec Soudée
54%
Manuel Cousin
54%
Éric Bellion
50%
Fabrice Amedeo
50%
Jingkun Xu
50%
Paul Meilhat
50%
Kojiro Shiraishi
46%
Louis Duc
46%
Boris Herrmann
43%
Conrad Colman
43%
Oliver Heer
43%
Sébastien Marsset
43%
Giancarlo Pedote
39%
Szabolcs Weöres
39%
Denis Van Weynbergh
36%
Aucun quiz correspondant
Distribution des résultats
% des personnes avec chaque résultat
Percentile par nombre de réponses
Votre historique - résultats
Vous n’avez pas pris ce quiz